[Event "Thailand Pattaya Open 2018"]
[Site "Pattaya"]
[Date "2018.10.29"]
[Round "2"]
[White "Bronnum, Jan"]
[Black "Laylo, Darwin"]
[Result "0-1"]
[WhiteElo "2080"]
[BlackElo "2427"]
[Annotator "TA"]
[PlyCount "80"]
[EventDate "2018.10.24"]
[EventType "swiss"]
[EventCountry "THA"]
[SourceTitle "playchess.com"]
[Source "ChessBase"]
[SourceQuality "1"]

{[%evp 12,80,2,-28,54,0,22,-73,-50,-33,-25,-129,-72,-74,-68,-76,-69,-84,-55,-44,-46,-108,-75,-163,-140,-184,-77,-210,-206,-197,-211,-400,-389,-363,-291,-304,-310,-266,-304,-301,-294,-275,-286,-327,-320,-309,-295,-357,-341,-339,-338,-541,-538,-568,-568,-580,-566,-560,-571,-568,-558,-531,-500,-518,-478,-604,-595,-4706,-4543,-6417,-5121]} 1. d4 Nf6 2. Bf4 c5 3. c3 Qb6 4. Qb3 Nc6 5. e3 d5 6. Qxb6 {A45: Trompowsky Attack} axb6 7. Bc7 {LiveBook: 3 Games} Nd7 (7... c4 $11) 8. b3 $146 (8. Nf3 $14) ({Predecessor:} 8. Nf3 e6 9. Bb5 Be7 10. Nbd2 Bd8 11. Bxd8 Kxd8 12. O-O Ke7 13. Rfe1 Nf6 14. Nb3 Ne4 15. Nfd2 c4 16. Nxe4 cxb3 17. Nd2 bxa2 18. e4 {½-½ (67) Grischuk,A (2810)-Gelfand,B (2743) Beijing 2014}) 8... g6 9. f4 (9. Bb5 $11) 9... Bg7 {[%cal Rc5d4]} 10. Nf3 O-O (10... cxd4 {is more complex.} 11. Nxd4 O-O 12. a4 e5 13. Nb5 Re8) 11. h4 {[#]} (11. Nbd2 $11 {remains equal.}) 11... Nd8 (11... cxd4 $142 $1 12. exd4 Nf6) 12. Bxd8 $17 Rxd8 13. Bd3 Nf6 14. Nbd2 Bf5 15. Bxf5 gxf5 16. Ne5 (16. a4 $15) 16... Rdc8 17. c4 (17. Ke2 $17 {was called for.}) 17... Ra6 18. Ke2 {[#]} Rca8 (18... dxc4 $1 $19 {and Black stays clearly on top. And now ...cxd4 would win.} 19. bxc4 cxd4 20. exd4 Nh5) 19. dxc5 (19. a4 $17) 19... Rxa2 $19 (19... bxc5 20. a4 $17) 20. Rxa2 Rxa2 21. Nef3 $2 (21. Rd1 dxc4 22. bxc4) 21... Ne4 22. Rc1 dxc4 23. Rxc4 Bc3 ({Don't play} 23... bxc5 24. Kd3 $17) ({Less strong is} 23... Nxc5 24. b4 $17) 24. Rxc3 Nxc3+ {[%mdl 4096] Endgame KRN-KNN} 25. Kd3 Nd5 ({Weaker is} 25... bxc5 26. Kxc3 f6 27. Kc4 $11) 26. cxb6 Nxb6 27. e4 fxe4+ 28. Kxe4 Nd7 29. Kd4 h5 30. g3 Kg7 31. f5 $2 (31. Nc4) 31... Kf6 {Black is clearly winning.} 32. Ke4 Rb2 33. Kf4 Nc5 34. g4 hxg4 35. Kxg4 Nxb3 36. Ne4+ Kg7 37. Kf4 b6 {[%cal Bb7b6,Bb6c5][%mdl 32]} 38. Ne5 Nc5 39. Nxc5 bxc5 40. Ke4 Rb4+ {Precision: White = 16%, Black = 44%.} 0-1

[Event "Thailand Pattaya Open 2018"]
[Site "Pattaya"]
[Date "2018.10.29"]
[Round "3"]
[White "Tran, Tuan Minh"]
[Black "Habla, Jony"]
[Result "1-0"]
[WhiteElo "2506"]
[BlackElo "2170"]
[Annotator "TA"]
[PlyCount "119"]
[EventDate "2018.10.24"]
[EventType "swiss"]
[EventCountry "THA"]
[SourceTitle "playchess.com"]
[Source "ChessBase"]
[SourceQuality "1"]

{[%evp 16,119,0,0,0,-13,-10,-21,-1,-8,-7,-18,18,16,20,7,17,0,0,0,8,9,15,-42,-21,-56,-57,-79,0,0,75,62,100,106,111,123,166,153,174,181,182,191,275,266,278,282,260,241,249,241,243,242,241,243,242,241,234,0,226,230,364,231,256,206,240,0,239,239,241,234,245,0,241,241,243,233,244,236,263,243,325,177,185,172,189,189,304,262,377,382,349,361,413,425,437,431,1070,1028,1564,1439,1564,1504,1091,1070,29986,29987]} 1. d4 Nf6 2. c4 e6 3. Nc3 Bb4 4. e3 O-O 5. Bd3 d5 6. Nge2 b6 7. cxd5 exd5 8. O-O {E48: Nimzo-Indian: Rubinstein: 5 Bd3 d5 including 6 Ne2, but excluding 6 a3} Re8 9. Bd2 {LiveBook: 11 Games} (9. f3 c5 10. a3 Bxc3 11. bxc3 Ba6 12. Bxa6 Nxa6 13. Ra2 Nc7 14. a4 Rc8 15. Bd2 Qd7 16. Nf4 h6 17. Nd3 Qf5 18. Qb1 Nd7 19. Nf4 Qf6 20. Qd3 Qc6 {½-½ (28) Ivanchuk,V (2747)-Dominguez Perez,L (2739) Doha 2016}) 9... Bd6 10. Nb5 {The position is equal.} Bf8 11. Rc1 c6 12. Nbc3 Bb7 13. Nf4 Ba6 $146 ({Predecessor:} 13... Nbd7 14. Re1 Ne4 15. Nxe4 dxe4 16. Bc4 Bd6 {0-1 (40) Weiss,L (2116)-Leupold,V (2369) ICCF email 2017}) 14. Bxa6 Nxa6 15. Qa4 Nb8 $1 16. Rc2 a5 17. Nce2 g5 18. Nh3 $1 $36 {[%mdl 2048] White fights for an advantage.} h6 19. Rfc1 (19. f3 $11) 19... Ne4 $15 20. Qb3 a4 21. Qd3 a3 (21... c5 $17 {White must now prevent ...c4.} 22. dxc5 bxc5) 22. b3 $11 Bd6 (22... Nxd2 $11 {keeps the balance.} 23. Rxd2 Na6) 23. Be1 $16 Ra7 24. f3 Nf6 25. Ng3 Bf8 26. Nf5 Re6 {[#]} 27. Nf2 $1 Qe8 28. h4 Kh8 (28... gxh4 $142 29. Qd2 Qd7 30. Nxh4 Re8) 29. hxg5 hxg5 30. g4 Kg8 31. Qd2 Na6 {and the idea ...Nb4 leaves Black hopeful.} 32. Nd3 {e4 is the strong threat.} Nh7 33. Bg3 c5 34. Kf2 f6 35. Rh1 Qb5 36. Rhc1 $2 (36. Kg2 $18) 36... Rd7 $2 (36... Qe8 $1 $11 {and Black has nothing to worry.} 37. Rh1 Qb5) 37. Kg2 $18 Rd8 (37... Re8 {keeps fighting.} 38. Qc3 Rc8) 38. Rc3 Rde8 39. Nf2 Rd8 40. Nd3 $2 ({White should try} 40. Rh1 $18) 40... Rd7 $2 (40... Rde8 $1 $11) 41. Qc2 Kh8 42. Rh1 Kg8 43. Rc1 Kh8 $1 44. Rd1 Kg8 45. Rd2 Kh8 46. Qc1 Qa5 47. Rdc2 Qb5 48. Qxa3 (48. dxc5 $142 bxc5 49. Kg1 (49. Qxa3 c4 $16)) 48... Nb4 {[#]} 49. Qc1 $1 {Strongly threatening Nxb4.} (49. Rd2 Nxd3 50. dxc5 (50. Rdxd3 c4 $17) 50... bxc5 $14) 49... Nxc2 50. Qxc2 {[%cal Rd4c5]} Ra7 (50... Rxe3 $142 51. Nxe3 cxd4) 51. a4 Qe8 (51... Qa5 {is a better defense.} 52. dxc5 bxc5 53. Nxc5 Rc6) 52. dxc5 bxc5 53. Nxc5 Rc6 54. b4 Bxc5 55. bxc5 Rca6 (55... Ra8 $142 56. Qb3 Qd7) 56. c6 Rxa4 57. c7 Ra2 58. c8=Q Rxc2+ 59. Rxc2 Ra8 60. Qb7 {Precision: White = 52%, Black = 36%.} 1-0

[Event "Thailand Pattaya Open 2018"]
[Site "Pattaya"]
[Date "2018.10.29"]
[Round "3"]
[White "Laylo, Darwin"]
[Black "Sacar, Mohamad"]
[Result "1-0"]
[WhiteElo "2427"]
[BlackElo "2147"]
[Annotator "TA"]
[PlyCount "77"]
[EventDate "2018.10.24"]
[EventType "swiss"]
[EventCountry "THA"]
[SourceTitle "playchess.com"]
[Source "ChessBase"]
[SourceQuality "1"]

{[%evp 9,77,29,54,50,86,101,122,99,161,168,163,145,167,159,159,161,205,193,221,169,181,159,163,159,383,80,97,79,99,76,68,64,150,179,168,165,261,216,320,303,419,364,328,351,422,191,281,258,218,213,260,191,205,0,79,2,1921,1762,3845,2718,4794,2462,29965,1570,29973,29973,29985,29986,29986,29987]} 1. d4 Nf6 2. c4 e6 3. Nf3 c5 4. d5 b5 5. Bg5 a6 {[#]} (5... b4 6. e4 d6 7. Bd3 Be7 8. a3 O-O 9. axb4 cxb4 10. O-O a5 11. dxe6 Bxe6 12. Nd4 Qc8 13. Nd2 h6 {½-½ (25) Mareco,S (2644)-Delgado Ramirez,N (2611) Ponta Grossa 2017}) 6. e4 $1 {[%mdl 512] E10: Blumenfeld Gambit} h6 $146 (6... Nxe4 7. Bxd8) ({Predecessor:} 6... Be7 7. d6 Bf8 8. e5 h6 9. Bc1 Ne4 10. Bd3 Qa5+ 11. Nbd2 Bb7 12. O-O {1-0 (27) Schussler,H (2439)-Lindgren,F (2278) Sweden 2006}) 7. Bxf6 $1 gxf6 8. cxb5 {White is better.} Bb7 (8... Bg7 $16) 9. Nc3 $18 Bg7 10. Bc4 axb5 11. Nxb5 {Threatens to win with Nd6+.} O-O 12. O-O Qb6 13. a4 Na6 14. Qd2 Nb4 15. Ra3 f5 16. dxe6 fxe4 $2 (16... dxe6 $16 {was necessary.} 17. exf5 exf5) 17. exf7+ $2 (17. e7 $18 {and the rest is easy.} exf3 18. exf8=B (18. exf8=N fxg2 19. Re1 Rxf8 $18) 18... Rxf8 19. Qxd7 (19. gxf3 Qg6+ 20. Kh1 Qh5 $16)) 17... Kh8 $16 18. Nh4 d5 19. Qf4 Qe6 20. Qd6 Qxd6 (20... Ra6 $14 21. Qxc5 dxc4 22. Qxb4 Rxf7) 21. Nxd6 {Ng6+ is the strong threat.} Kh7 {[#]} 22. Bb5 $1 Bc6 (22... Bxb2 {might work better.} 23. Rg3 Bc6) 23. Nhf5 Rad8 (23... Bxb2 $142 24. Rh3 Bg7) 24. Rh3 $18 Rh8 25. Bxc6 Nxc6 26. Rc1 c4 27. b3 (27. Ne8 $142 Rhxe8 28. fxe8=N Rxe8 29. b3) 27... Rxd6 (27... Nd4 {was worth a try.}) 28. Nxd6 $40 {[%mdl 128] White attacks with force.} Nd4 {With the idea ...Ne2+.} 29. Rd1 ({Weaker is} 29. bxc4 Ne2+ 30. Kf1 Nxc1 $14) 29... Nxb3 30. Nf5 d4 {[#]} 31. a5 $2 (31. Rg3 $1 $18 {[%csl Gf5][%cal Rg3g7]} Bf6 32. Nd6) 31... d3 (31... Rf8 $1 $11 {remains equal.}) 32. a6 ({Better is} 32. Rg3 $16 {[%csl Gf5][%cal Rg3g7]} Be5 33. f4 exf3 34. Rh3 (34. Rxf3 Rf8 $18)) 32... c3 $2 {[%mdl 8192]} (32... Nd4 $11 33. Rh4 c3) 33. Rg3 {[%csl Gf5][%cal Rg3g7]} Be5 {[#]} 34. Rg8 $1 c2 (34... Rxg8 35. fxg8=Q+) 35. Rxh8+ Bxh8 36. Ne3 (36. Rf1 $142 Bg7 37. a7 c1=R 38. Rxc1 Kg6 39. Rc6+ Kg5 40. a8=Q Nd4 41. Nxg7) 36... Bd4 37. f8=Q {White mates.} Bxe3 38. Qf7+ Kh8 39. Qxb3 {Precision: White = 46%, Black = 25%.} 1-0

[Event "Thailand Pattaya Open 2018"]
[Site "Pattaya"]
[Date "2018.10.29"]
[Round "3"]
[White "Nordenbaek, Jan"]
[Black "Pourramezanali, Amirreza"]
[Result "0-1"]
[WhiteElo "2173"]
[BlackElo "2533"]
[Annotator "TA"]
[PlyCount "44"]
[EventDate "2018.10.24"]
[EventType "swiss"]
[EventCountry "THA"]
[SourceTitle "playchess.com"]
[Source "ChessBase"]
[SourceQuality "1"]

{[%evp 22,44,2,0,0,0,4,12,8,0,3,0,17,12,15,12,14,8,13,20,14,0,0,-118,-108]} 1. d4 Nf6 2. Nf3 d5 3. c4 e6 4. cxd5 exd5 5. Nc3 c6 6. Bg5 Be7 7. Qc2 g6 8. e3 Bf5 9. Bd3 Bxd3 10. Qxd3 O-O 11. Bxf6 Bxf6 12. b4 {[%cal Bb2b4,Bb4b5][%mdl 32] LiveBook: 33 Games} Be7 {D36: Queen's Gambit Declined: Exchange Variation: Main line (5 Bg5 c6 6 Qc2)} (12... a6 13. O-O Be7 14. Na4 Ra7 15. a3 Nd7 16. Nc5 Nf6 17. Ne5 Bd6 18. f4 Qe7 19. Rac1 Raa8 20. a4 {0-1 (50) Kryakvin,D (2603)-Belov,V (2625) Irkutsk 2010}) 13. b5 $146 ({Predecessor:} 13. Rb1 b5 14. O-O a5 15. a3 axb4 16. axb4 Bd6 17. e4 Na6 18. exd5 Nxb4 19. Qd2 Nxd5 20. Nxd5 cxd5 21. Rxb5 {½-½ (29) Timson,P (2515)-Vayser,V (2452) ICCF email 2007}) 13... Qa5 14. O-O Nd7 {The position is equal.} 15. a4 {[%cal Ba2a4,Ba4a5][%mdl 32]} Rac8 16. Nd2 Bd6 17. Nb3 Qd8 18. a5 c5 19. dxc5 Nxc5 20. Nxc5 Rxc5 21. Ne2 Qh4 {[%csl Gd6][%cal Rh4h2] [#]} 22. Nf4 (22. g3 $11 {keeps the balance.} Qc4 23. Rfd1) 22... Bxf4 {Precision: White = 50%, Black = 76%.} 0-1

[Event "Thailand Pattaya Open 2018"]
[Site "Pattaya"]
[Date "2018.10.29"]
[Round "3"]
[White "Andersen, Soren Mikkel"]
[Black "Saptarshi, Roy"]
[Result "0-1"]
[WhiteElo "2159"]
[BlackElo "2496"]
[Annotator "TA"]
[PlyCount "60"]
[EventDate "2018.10.24"]
[EventType "swiss"]
[EventCountry "THA"]
[SourceTitle "playchess.com"]
[Source "ChessBase"]
[SourceQuality "1"]

{[%evp 32,60,-16,-8,0,-14,0,0,35,-157,-132,-147,-137,-202,-192,-191,-169,-293,-302,-325,-321,-370,-375,-352,-245,-526,-522,-1033,-1029,-29998,-29999]} 1. d4 d5 2. c4 e6 3. Nc3 c6 4. Nf3 dxc4 5. a4 Bb4 6. e3 b5 7. Bd2 a5 8. axb5 Bxc3 9. Bxc3 cxb5 {[%cal Bc6b5,Bb5b4][%mdl 32]} 10. b3 Bb7 11. bxc4 b4 12. Bb2 Nf6 13. Bd3 O-O 14. O-O Nbd7 15. Re1 Ne4 {D31: Queen's Gambit Declined: Semi-Slav without ...Nf6 (+ Marshall Gambit and Noteboom) and Exchange Variation lines without ...Nf6} 16. Nd2 (16. c5 Bc6 17. Qc2 f5 18. Bc4 Qe7 19. Bb3 Kh8 20. Red1 Qe8 21. Ba4 Bxa4 22. Rxa4 Ndf6 23. Rda1 {0-1 (35) Kasimdzhanov,R (2705)-Grischuk,A (2810) Tbilisi 2015 CBM 165 [Krasenkow,M]}) 16... Nxd2 17. Qxd2 {LiveBook: 14 Games} Qe7 {The position is equal.} 18. Bc2 Rfd8 19. Rec1 $146 ({Predecessor:} 19. e4 Nb6 20. Bd3 Ba6 21. Rxa5 Bxc4 22. Rea1 Rxa5 23. Rxa5 {0-1 (36) Winiwarter,F (2101)-Fiala,V (2260) Austria 2017}) 19... Bc6 20. c5 $2 {[#]} (20. d5 $14 {stays ahead.} Bb7 21. Qd3) 20... Nxc5 $1 $17 {[%cal Bd7c5,Bc5e4,Be4f6,Bf6d5,Bd5c3][%mdl 544]} 21. Bb1 (21. dxc5 Rxd2) 21... Ne4 22. Qc2 (22. Qd3 $17 Qh4 23. Qe2) 22... Bb7 23. f3 Nf6 24. d5 (24. Qc5 $142 Qxc5 25. Rxc5) 24... Rac8 $19 ({Worse is} 24... Rxd5 25. Bxf6 Qxf6 26. Qxh7+ Kf8 27. Be4 $14) 25. Qd1 Nxd5 26. Rxc8 Bxc8 ({Weaker is} 26... Rxc8 27. Rxa5 Nc3 28. Bxc3 $17) 27. Qd3 f5 28. Rxa5 $2 (28. Bc2 {was necessary.}) 28... Nc3 29. Qc2 Rd1+ 30. Kf2 Qh4+ {Precision: White = 22%, Black = 62%.} 0-1

[Event "Thailand Pattaya Open 2018"]
[Site "Pattaya"]
[Date "2018.10.29"]
[Round "3"]
[White "Harshini A"]
[Black "Nguyen, Huynh Minh Huy"]
[Result "1/2-1/2"]
[WhiteElo "2126"]
[BlackElo "2410"]
[Annotator "TA"]
[PlyCount "137"]
[EventDate "2018.10.24"]
[EventType "swiss"]
[EventCountry "THA"]
[SourceTitle "playchess.com"]
[Source "ChessBase"]
[SourceQuality "1"]

{[%evp 28,137,0,0,0,0,0,0,0,-6,0,0,0,0,18,35,33,35,41,40,29,43,84,45,117,88,47,60,85,0,0,-162,-143,-143,-143,-137,-128,-133,-122,-127,-123,-126,-119,-106,-54,-81,-18,-98,-22,-22,-13,-58,-44,-172,-107,-200,-135,-148,-125,-143,-104,-129,-137,-484,-476,-470,-453,-498,-524,-637,-657,-644,-617,-618,-615,-579,-592,-592,-592,-941,-971,-29960,-29962,-29962,-29963,-29961,-29964,-29968,-29964,-29968,-29969,-29964,0,-29958,-29959,-29977,-29952,-29948,-29949,-29950,-29946,-29943,-29944,-29938,-29944,-29941,-29941,-12843,-12795,-12782,0,0]} 1. e4 c5 2. Nf3 d6 3. d4 cxd4 4. Nxd4 Nf6 5. Nc3 a6 6. Be2 e5 7. Nb3 Be7 8. O-O O-O 9. Be3 Be6 10. Qd3 Nbd7 11. Nd5 Bxd5 12. exd5 Ne8 {B92: Sizilianisch (Najdorf-Variante mit 6.Le2)} (12... Rc8 13. c4 Ne8 14. f3 g6 15. Kh1 Ng7 16. Bg1 Bg5 17. Rad1 h5 18. Nd2 f5 19. b4 h4 20. c5 dxc5 21. d6 cxb4 {1-0 (45) Karjakin,S (2782)-Grischuk,A (2766) Paris 2018}) 13. Bg4 g6 14. Bxd7 Qxd7 15. f4 {LiveBook: 3 Partien} f5 16. fxe5 dxe5 17. c4 Nf6 18. Rad1 f4 19. Bc5 Rae8 20. Qe2 g5 $146 21. Bxe7 Qxe7 22. d6 $36 {[%cal Bd5d6,Bd6d7][%mdl 2080] Weiss steht aktiver.} Qd7 23. Nc5 Qc6 24. b4 {d7 ist eine echte Drohung.} e4 25. Rd4 Re5 (25... Rf7 $1 $14) 26. d7 $16 Rd8 27. Rfd1 {Und weiter mit Td6 wäre nett.} Qb6 28. Rd6 (28. Kf1 $16) 28... Qxb4 $11 29. Ne6 $2 {[#]} (29. Nxa6 $11 {und Weiss steht sicher.} Qa4 30. Rxf6 Rxd7 31. Rfd6 Rxd6 32. Rxd6 bxa6 33. Rd8+ Re8 34. Qd2 Rxd8 35. Qxd8+ Kf7 36. Qd5+ Kf6 37. Qd4+ Kf5 38. Qd5+ Kf6 39. Qd4+ Kf5 40. Qd5+ Kf6) 29... Rxd7 $1 $19 {[%mdl 512]} 30. Rxd7 Nxd7 31. Nxf4 Qc5+ (31... gxf4 32. Qg4+ Kh8 33. Qxd7 $15) 32. Kh1 Nf6 (32... gxf4 $6 33. Qg4+ Kh8 34. Rxd7 $11) 33. Nh5 Nxh5 34. Rd8+ Kg7 35. Qxh5 $17 {[%mdl 4096] Endspiel KDT-KDT} Qc7 ({Doch nicht} 35... Qxc4 $6 36. Rd7+ Kf6 37. Qh6+ Kf5 38. Qh3+ (38. Qxh7+ Kf4 $11) 38... Kf6 39. Qh6+ Kf5 40. Qh3+ (40. Qxh7+ Kf4 $11) 40... Kf6 41. Qh6+ $11) ({Besser ist} 35... Qc6 $17 36. Qd1 Rf5 37. Rd7+ Rf7 38. Qd4+ Qf6 39. Rxf7+ Kxf7 40. Qd5+ Kf8) 36. Qd1 $15 {Schwarz muss nun Td7+ beachten.} Re7 (36... Qxc4 $17 {Droht stark ...e3.} 37. Rd7+ Kg6) 37. Qd5 {[#]} (37. h4 $1 $11 {bleibt in der Remisbreite.}) 37... Qe5 (37... Qf4 $1 $17 {[%cal Rf4f1]} 38. Qd4+ Qe5) 38. Qg8+ $11 Kh6 39. Qf8+ (39. h4 $5) 39... Kg6 40. Qf1 (40. h4 $1 $15 h6 41. Rd5) 40... Qf4 (40... Rf7 $19 {[%cal Rf7f1]} 41. Qe2 e3) 41. Qb1 (41. Kg1 $17 {ist eine bessere Verteidigung.}) 41... Kg7 {zielt auf ...e3 ab.} 42. Qa1+ Qe5 43. Qxe5+ Rxe5 $17 {KT-KT} 44. Rd7+ Kg6 45. Rxb7 $2 {[%mdl 8192]} (45. Kg1 $17 {war die entscheidende Verteidigung.}) 45... e3 $19 {( -> ...e2)} 46. Rb1 Kf5 47. Kg1 Ke4 48. Kf1 Rf5+ 49. Ke1 Rf2 50. Rb7 Rxg2 51. Rxh7 Rxa2 52. c5 Rc2 53. Rh6 Rxc5 54. Rxa6 Rc1+ 55. Ke2 Rc2+ 56. Kf1 Rxh2 57. Re6+ Kf4 58. Rf6+ Kg3 59. Re6 Kf4 60. Rf6+ Ke5 61. Rf8 Ra2 62. Re8+ Kf4 63. Rf8+ Kg3 64. Re8 {[#]} e2+ $1 65. Ke1 (65. Rxe2 Ra1+) 65... g4 66. Rg8 Kf3 67. Rf8+ {[#]} Kg2 $1 68. Rf2+ Kg1 $2 (68... Kh1 $19 69. Rf6 Ra1+ 70. Kxe2 Ra2+ 71. Kf1 g3) 69. Rg2+ $1 {Precision: Weiß = 45%, Schwarz = 54%.} 1/2-1/2

[Event "Thailand Pattaya Open 2018"]
[Site "Pattaya"]
[Date "2018.10.29"]
[Round "4"]
[White "Pourramezanali, Amirreza"]
[Black "Laylo, Darwin"]
[Result "1-0"]
[WhiteElo "2533"]
[BlackElo "2427"]
[Annotator "TA"]
[PlyCount "95"]
[EventDate "2018.10.24"]
[EventType "swiss"]
[EventCountry "THA"]
[SourceTitle "playchess.com"]
[Source "ChessBase"]
[SourceQuality "1"]

{[%evp 14,95,33,33,39,42,94,89,137,137,143,139,179,134,116,115,119,122,122,122,122,119,120,110,121,116,148,137,140,145,152,129,133,137,137,117,140,139,192,186,203,201,190,190,170,179,127,125,118,112,121,119,208,208,190,188,184,173,728,976,1325,1302,1212,1191,933,958,844,774,29973,29974,29971,29971,29976,29977,29977,29978,29978,29979,29979,29980,29981,29982,29982,29983]} 1. e4 e5 2. Nc3 Nf6 3. g3 d5 4. exd5 Nxd5 5. Bg2 Be6 6. Nf3 Nc6 7. O-O Nxc3 8. bxc3 {LiveBook: 3 Games. C47: Scotch Four Knights and Four Knights with 4 g3} e4 9. Ne1 Bc4 ({Black should play} 9... f5 $14) 10. d3 $16 {White is better.} exd3 11. Nxd3 ({Don't play} 11. cxd3 Ba6 $16) 11... Qd7 $146 ({Predecessor:} 11... Bd5 12. Re1+ Be7 13. Bxd5 Qxd5 14. Ba3 Qd7 15. Bxe7 Nxe7 16. Qe2 Qd6 17. Rad1 Rd8 18. Nf4 Qc5 19. Rd5 Rxd5 20. Nxd5 Kd7 21. Nxe7 {1-0 (21) Motwani,P (2425)-Christensen,T (2300) Copenhagen 1991}) 12. Re1+ Be7 13. Ba3 Be6 14. Bxe7 Qxe7 15. Rb1 {Threatens to win with f4.} Nd8 16. Bxb7 Nxb7 17. Rxb7 O-O {[#]} 18. Nf4 $1 Qc5 19. Qd4 Qxd4 20. cxd4 Bxa2 21. Ra1 Be6 22. Raxa7 Rxa7 23. Rxa7 {[%mdl 4096] Endgame KRB-KRN} Rc8 24. d5 Bf5 {[#]} 25. c4 $1 Be4 (25... Bc2 $16 26. Ng2 Be4) 26. h4 $18 h6 27. h5 Kf8 28. Kf1 c6 29. d6 c5 30. Rc7 {[%cal Rc7c8]} Rd8 31. Rxc5 {Re5 is the strong threat.} Rxd6 32. Ke2 Rc6 (32... g5 $16 {was called for.}) 33. Rxc6 Bxc6 {KB-KN} 34. Ke3 Ke7 35. Kd4 Kf6 $2 (35... Kd6 36. Nd5 Bd7) 36. Kc5 Ba8 37. Kd6 g6 38. hxg6 fxg6 39. c5 Kf5 40. c6 h5 41. c7 {White mates.} Bb7 42. Kd7 h4 43. Nd3 h3 44. Nc5 h2 45. Nxb7 h1=Q 46. c8=Q Qd5+ 47. Nd6+ Kg4 48. Qc4+ {Precision: White = 87%, Black = 48%.} 1-0

[Event "Thailand Pattaya Open 2018"]
[Site "Pattaya"]
[Date "2018.10.29"]
[Round "4"]
[White "Saptarshi, Roy"]
[Black "Salvador, Louie"]
[Result "1-0"]
[WhiteElo "2496"]
[BlackElo "2192"]
[Annotator "TA"]
[PlyCount "107"]
[EventDate "2018.10.24"]
[EventType "swiss"]
[EventCountry "THA"]
[SourceTitle "playchess.com"]
[Source "ChessBase"]
[SourceQuality "1"]

{[%evp 14,107,2,7,14,19,31,5,6,-6,29,5,2,6,24,-11,1,-1,19,3,15,12,28,0,12,0,9,-11,9,0,2,0,0,-5,-6,-14,51,21,18,0,35,36,58,12,63,12,38,51,178,152,171,164,216,168,169,100,97,103,141,141,118,159,135,149,153,143,208,239,227,224,214,175,1259,1247,1472,947,809,673,735,723,722,699,716,714,687,679,742,337,419,417,951,944,1483,2487,12837,12836]} 1. e4 c5 2. Nf3 d6 3. Bc4 Nf6 4. d3 Nc6 5. h3 g6 6. Bb3 Bg7 7. c3 O-O 8. O-O {LiveBook: 154 Games} Na5 {B50: Sicilian: 2...d6, Miscellaneous} (8... b5 9. d4 cxd4 10. cxd4 Bb7 11. Qe2 Na5 12. Bc2 Rc8 13. Bd3 a6 14. Nc3 b4 15. Na4 Bc6 16. b3 {1-0 (32) Morozevich,A (2656)-Gabrielian,A (2499) Sochi 2018}) 9. Bc2 b5 $146 ({Predecessor:} 9... b6 10. Be3 Bb7 11. Nbd2 Nc6 12. Rb1 Nh5 13. Re1 d5 14. exd5 Qxd5 15. Nf1 e6 16. Bb3 {0-1 (45) Piestansky,J (1646)-Sulko,V (1653) Slovakia 2017}) 10. Nbd2 Nc6 {The position is equal.} 11. d4 a5 12. Re1 Nd7 {[%cal Rc5d4]} 13. Nf1 a4 14. a3 Na5 15. Bg5 Nc4 16. Rb1 Re8 17. Ne3 Nxe3 18. Rxe3 Qa5 19. e5 dxe5 20. dxe5 Nb6 21. Be4 Ra7 22. Rd3 Nc4 23. Bc6 Rf8 24. Bd7 Qc7 (24... Bxd7 $11 25. Rxd7 e6) 25. e6 f6 26. Bh4 Nd6 (26... Qb6 {is more complex.} 27. Qe2 Bb7 28. Rdd1 Bh6 29. Bg3 Raa8) 27. Bxc8 Qxc8 28. Qe2 (28. Bg3 $5 {[%cal Rg3d6]}) 28... Ra6 ({Black should play} 28... Nf5 $11) 29. Re1 (29. Bg3 $14) 29... Qc6 30. Bg3 {aiming for Bxd6.} Nc4 ({Black should try} 30... Nf5 $14) 31. Rd7 $18 Re8 32. h4 f5 (32... Raa8 $142) 33. Ng5 h6 34. Nf7 ({Better is} 34. Nh3 $18) 34... Qe4 $16 {...Rxe6 is the strong threat.} 35. Qd1 $1 Nxb2 {[#]} 36. Qd2 $1 Nc4 37. Qc1 Qg4 {And now ...f4! would win.} 38. Nxh6+ Bxh6 39. Qxh6 f4 (39... Qh5 $16 40. Qc1 Qh8) 40. Bxf4 $18 {Hoping for Rd5.} ({Not} 40. Qxf4 Qxf4 41. Bxf4 Nxa3 $11) 40... Rxe6 41. Rxe6 Qxe6 42. Rd3 $40 {[%mdl 128] Strongly threatening Rg3. Black is in trouble.} Rf8 $2 (42... Qf5 43. Rd5 e5) 43. h5 Qf6 44. Rg3 Kf7 45. hxg6+ Ke8 46. g7 Qxh6 47. Bxh6 {[%mdl 4096] Endgame KRB-KRN} Rg8 {[#] intending ...Kf7.} 48. Rf3 $1 {[%cal Rf3f8] Threatens to win with Rf8+.} Rxg7 49. Bxg7 Nxa3 50. c4 (50. Rf5 $142) 50... Nxc4 51. Rc3 Nd6 (51... a3 $142 52. Rc2 Kf7) 52. Rxc5 {White is clearly winning.} a3 53. Rc3 b4 54. Rb3 {Precision: White = 55%, Black = 28%.} 1-0